Visualizzazione normale
Vista MARC
- Hayes Isaac
di Personal Name
Records bibliografici associati: 1
001 - CONTROL NUMBER
- control field: 823
003 - CONTROL NUMBER IDENTIFIER
- control field: IT-RoPau
005 - DATE AND TIME OF LATEST TRANSACTION
- control field: 20131031220512.0
008 - FIXED-LENGTH DATA ELEMENTS
- fixed length control field: 131031|| aca||aabn | a|a d
040 ## - CATALOGING SOURCE
- Original cataloging agency: IT-RoPau
- Transcribing agency: IT-RoPau
100 ## - HEADING--PERSONAL NAME
- Personal name: Hayes Isaac
- Miscellaneous information: Codice Interprete SPICS: 10946
- Name of part/section of a work: Soli a Natale
670 ## - SOURCE DATA FOUND
- Source citation: Work cat.: (IT-RoPau)101155: AA.VV. 794, Noel 2 (Lp Noel 3002)